LEADER 00990nam a2200229 4500 001 000000341536 003 CaOOAMICUS 005 20200817112502.0 008 200817s1841 it 000 u ita r 040 $aSeMil$bita 245 00$aVol. 3. 264 1$aTorino :$bG. Pomba e C.,$c1841. 300 $aXX, 558 p. ;$c19 cm 700 1 $aCooley, William Desborough,$d.$0(OLS)http://semarc/name/111934 773 0 $aCooley, William Desborough .$tStoria delle scoperte marittime e continentali.$kRaccolta di opere utili$g3$w()341531 830 0$aOpere utili ad ogni persona educata raccolte col consiglio d'uomini periti in ciascuna scienza. Geografia ;$v8.$0(OLS)http://semarc/title/430511 850 $aSeMil 852 $aSeMil$W1$xVenegono$y1$m3XG I 28 FA$j220678$B232535$CSeMilBibl$Z2$F232535 $8I 941 1 $a10 996 $6245$aVol. 3$9(OLS)http://semarc/title/80712 996 $6264$aTorino :$bG. Pomba e C.$9(OLS)http://semarc/publisher/39573 LEADER 01256nam a2200301 i 4500 001 000000157833 003 CaOOAMICUS 005 20070119000000.0 008 070119s1989 it u000 u ita u 013 $a135194 020 $a88-18-89011-5 040 $aSeMil$bita 100 1 $aWellman, Paul Iselin,$d<1895-1966>.$0(OLS)http://semarc/name/50528 240 10$aDeath in the desert.$0(OLS)http://semarc/title/178931 245 10$aGuerrieri nel deserto :$ble grandi guerre indiane con i bianchi /$cPaul I. Wellman. 260 $aMilano :$bRusconi,$c1989. 300 $a252 p., [24] p. di tav. ;$c22 cm. 490 0 $aLa sacra pipa 500 $aFondo Card. Giovanni Colombo. 650 4$aIndiani d'America - Storia - Sec. 19.$0(OLS)http://semarc/subject/22997 830 3$aLa sacra pipa.$0(OLS)http://semarc/title/14219 850 $aSeMil 852 $aSeMil$W1$xVenegono$y1$m1C VI 109$j109510$B109510$CSeMilBibl$Z2$F119048 $81 941 1 $a3 961 $aLascito: Colombo Card. Giovanni 996 $6020$a88-18-89011-5$9(OLS)http://semarc/number/107025 996 $6245$aGuerrieri nel deserto :$ble grandi guerre indiane con i bianchi$9(OLS)http://semarc/title/231551 996 $6260$aMilano :$bRusconi$9(OLS)http://semarc/publisher/30258